| 000 | 00423nam a2200169Ia 4500 | ||
|---|---|---|---|
| 003 | GCL | ||
| 008 | 140319s9999 xx 000 0 ara d | ||
| 040 |
_aGCL / _cGCL |
||
| 082 | 0 | 4 |
_a301.04 _bف ف |
| 100 | 1 | _aفوزى رشيد | |
| 245 | 1 | 0 |
_aالفكر عبر التاريخ / _cفوزى رشيد |
| 300 | _a178 | ||
| 490 |
_a100 قصة _v0 |
||
| 650 | 0 | 4 | _aنظريات |
| 650 | 0 | 4 | _aالاجتماع |
| 942 |
_2ddc _cBK |
||
| 999 |
_c43796 _d43796 |
||